| Tag |
First Indicator |
Second Indicator |
Subfields |
| LEADER |
00000pam a22000004a 4500 |
| 001 |
in00001830921 |
| 005 |
20151026055029.0 |
| 008 |
030512s2003 ne a b 001 0 eng |
| 010 |
|
|
|a 2003052178
|
| 020 |
|
|
|a 1402014058 (alk. paper)
|
| 035 |
|
|
|a (OCoLC)ocm52257673
|
| 040 |
|
|
|a DLC
|c DLC
|d YDX
|d TXA
|d UtOrBLW
|
| 042 |
|
|
|a pcc
|
| 049 |
|
|
|a TXAM
|
| 050 |
0 |
0 |
|a SB203
|b .I56 2003
|
| 082 |
0 |
0 |
|a 633.3/04233
|2 21
|
| 245 |
0 |
0 |
|a Improvement strategies of leguminosae biotechnology /
|c edited by Pawan K. Jaiwal and Rana P. Singh.
|
| 264 |
|
1 |
|a Dordrecht ;
|a Boston :
|b Kluwer Academic Publishers,
|c [2003]
|
| 264 |
|
4 |
|c ©2003
|
| 300 |
|
|
|a xx, 411 pages :
|b illustrations ;
|c 25 cm.
|
| 336 |
|
|
|a text
|b txt
|2 rdacontent
|
| 337 |
|
|
|a unmediated
|b n
|2 rdamedia
|
| 338 |
|
|
|a volume
|b nc
|2 rdacarrier
|
| 490 |
1 |
|
|a Focus on biotechnology ;
|v v. 10A
|
| 504 |
|
|
|a Includes bibliographical references and index.
|
| 650 |
|
0 |
|a Legumes
|x Biotechnology.
|
| 650 |
|
0 |
|a Crop improvement.
|
| 700 |
1 |
|
|a Jaiwal, Pawan K.
|
| 700 |
1 |
|
|a Singh, Rana P.
|
| 830 |
|
0 |
|a Focus on biotechnology ;
|v v. 10A.
|
| 994 |
|
|
|a E0
|b TXA
|
| 948 |
|
|
|a cataloged
|b h
|c 2004/4/28
|d c
|e bwalker
|f 12:58:02 pm
|
| 999 |
|
|
|a MARS
|
| 999 |
f |
f |
|s c75a0e08-f984-3d7d-8dbf-96edba16d421
|i a79d15f4-6676-334b-aa39-e77a704058aa
|t 0
|
| 952 |
f |
f |
|p ric
|a Texas A&M University
|b Rellis Campus
|c Joint Library Facility
|d Remote Storage
|t 0
|e SB203 .I56 2003
|h Library of Congress classification
|i unmediated -- volume
|m A14831121103
|
| 998 |
f |
f |
|a SB203 .I56 2003
|t 0
|l Remote Storage
|